000
00244nam a2200097Ia 4500
001
1250597
005
20251031150859.0
008
251031s9999 xx 000 0 und d
245
0
_c
HALİL İBRAHİM İZGİ
_a
B-5 CÜDA
260
_b
ERDEM YAYINLARI
999
_c
1250597
_d
1250597